Statistics for UK 70's Hits .. Odd One Out

Click here to take the quiz!

General Stats

  • This quiz has been taken 14 times
  • The average score is 12 of 20

Answer Stats

QuestionAnswer% Correct
SparksMy White Bicycle
90%
The PoliceDaughter Of Darkness
80%
The GoodiesA Taste Of Aggro
70%
Stevie WonderDon't Give Up On Us
70%
AbbaFigaro
70%
Boney MGet Up And Boogie
70%
DartsHeavenly
70%
Fleetwood MacMoney
70%
Neil DiamondSilver Lady
70%
Gloria GaynorDon't Leave Me This Way
60%
FoxGood Morning Judge
60%
Dr HookIf You Leave Me Now
60%
Paper LaceThe Secrets That You Keep
60%
Leo SayerHold Me Close
50%
Donny OsmondPaper Roses
50%
Olivia Newton-JohnYou Needed Me
50%
Donna SummerLove Me Like A Lover
40%
DollarThere's A Whole Lotta Loving
40%
MudPretty Little Angel Eyes
30%
Barry WhiteThe Tears I Cried
20%

Score Distribution

Percentile by Number Answered

Percent of People with Each Score

Your Score History

You have not taken this quiz